|
|
|
|
| LEADER |
00000cam a2200000 7i4500 |
| 001 |
0000009253 |
| 005 |
20120612.0 |
| 020 |
|
|
|a 0861631277
|
| 090 |
0 |
0 |
|a JF
|b MCA
|
| 100 |
1 |
|
|a McAllister
|c Hayden
|
| 245 |
1 |
0 |
|a My bedtime stories
|c Hayden Mc Allister
|
| 260 |
|
|
|a London :
|b Award Publications ,
|c 1985
|
| 300 |
|
|
|a p.v :
|b ill ;
|c 37cm.
|
| 650 |
0 |
0 |
|a Children's stories
|
| 999 |
|
|
|a 041374
|b BUKU
|c PINJAMAN
|e PERPUSTAKAAN KOMUNITI PETALING JAYA
|
| 999 |
|
|
|a 041375
|b BUKU
|c PINJAMAN
|e PERPUSTAKAAN KOMUNITI PETALING JAYA
|
| 999 |
|
|
|a 041376
|b BUKU
|c PINJAMAN
|e PERPUSTAKAAN KOMUNITI PETALING JAYA
|
| 999 |
|
|
|a 045310
|b BUKU
|c PINJAMAN
|e PERPUSTAKAAN KOMUNITI PETALING JAYA
|